Стальная Крыса отправляется в ад: Фантастические романы; пер. с англ.

Detalhes bibliográficos
Autor principal: Гаррисон Г. Гарри
Idioma:russo
Publicado em: Москва, ЭКСМО, 1999
Colecção:Стальная Крыса
Assuntos:
Formato: Livro
KOHA link:https://koha.lib.tpu.ru/cgi-bin/koha/opac-detail.pl?biblionumber=13164

MARC

LEADER 00000nam0a2200000 4500
001 13164
005 20231030184851.0
010 |a 5040009445 
035 |a (RuTPU)RU\TPU\book\13245 
035 |a BOOK00013312 
090 |a 13164 
100 |a 20011209d1999 m y0rusy50 ca 
101 1 |a rus  |c eng 
102 |a RU 
105 |a y z 000ay 
200 1 |a Стальная Крыса отправляется в ад  |e Фантастические романы  |e пер. с англ.  |f Г. Гаррисон 
210 |a Москва  |c ЭКСМО  |d 1999 
215 |a 464 с. 
225 1 |a Стальная Крыса 
610 1 |a романы 
610 1 |a фантастика 
675 |a 82  |v 3 
700 1 |a Гаррисон  |b Г.  |g Гарри 
801 0 |a RU  |b 63413507  |c 20011209  |g PSBO 
801 2 |a RU  |b 63413507  |c 20051114  |g PSBO 
942 |c BK